000 00315nam a2200109Ia 4500
008 171204s9999 xx 000 0 und d
245 _aGetting Started with Clickteam Fusion:
245 _cJurgen Brunner
260 _c2014
650 _x2D Flash Animation
856 _uhttp://down.ebook777.com/044/9781783283613.pdf
999 _c346234
_d346234